000 00924nam a22002657a 4500
005 20251108172047.0
008 250721s9999 xx 000 0 ara d
082 1 4 _aط/372.21/باش
100 1 _aباشا، محمد رجب
_eمؤلف
245 1 0 _aقاموسي المصور الأول :
_bإنكليزي - عربي - فرنسي /
246 1 1 _aMY FIRST ILLUSTRATED DICTIONARY ENGLISH - ARABIC - FRENCH
264 1 _aحلب :
_bدار القلم العربي،
_c[19-].
300 _a26ص.
650 1 7 _aاللغة الفرنسية
650 1 7 _aاللغة العربية
650 1 7 _aاللغة الإنكليزية
650 1 7 _aعلم المعاجم
650 1 7 _aالتعليم
650 1 7 _aالاطفال
653 _a(0-5) اطفال ما قبل المدرسه
700 1 _aفرهود، أحمد
_eمؤلف
700 1 _aمرعشي، فاتنة
_eمؤلف
942 _2ddc
_cBK
999 _c69425
_d69425